[Event "Finistere-chT 0304"]
[Site "Finistere"]
[Date "2004.03.20"]
[Round "6.15"]
[White "Cante, Alain"]
[Black "Chetail, Guillaume"]
[Result "1-0"]
[WhiteElo "1200"]
[BlackElo "1380"]
[PlyCount "63"]
[EventDate "2003.10.??"]
[EventType "team-swiss"]
[EventRounds "6"]
[EventCountry "FRA"]
[SourceTitle "EXT 2005"]
[Source "ChessBase"]
[SourceDate "2004.11.15"]
[SourceVersion "1"]
[SourceVersionDate "2004.11.15"]
[SourceQuality "1"]

1. e4 c5 2. Nf3 Nc6 3. Nc3 e5 4. Bc4 Be7 5. d3 d6 6. Qd2 Nf6 7. Ng5 0-0 8. 0-0 Bd7 9. f4 exf4 10. Qxf4 Nd4 11. Qd2 Be6 12. Nxe6 Nxe6 13. Nd5 Nc7 14. Nxe7+ Qxe7 15. Qf2 Ng4 16. Qg3 Ne5 17. Bb3 Qd7 18. h3 Rfe8 19. Bf4 a5 20. Bxe5 Ne6 21. Bxd6 b6 22. a3 Rad8 23. Be5 g6 24. Rf6 Re7 25. Raf1 Rf8 26. Bd6 Kg7 27. Bxe7 Qxe7 28. Bxe6 Qd8 29. Rxf7+ Rxf7 30. Rxf7+ Kh8 31. Qe5+ Kg8 32. Qg7# 1-0